00333nam a2200133Ia 450000500170000000800410001702000150005808200130007310000190008624500200010526000390012530000180016465000170018220250630013413.0240331s9999 xx 000 0 und d a9555531943 a301bRAT aRathnapala , N 0aManawa viddyawa aWarakapolabAryan Publishersc2001 axii, 351 p ., aAnthropology